God's not dead : (Record no. 9808)

MARC details
000 -LEADER
fixed length control field 01939cam a22004337i 4500
001 - CONTROL NUMBER
control field 17531574
003 - CONTROL NUMBER IDENTIFIER
control field GBCCL
005 - DATE AND TIME OF LATEST TRANSACTION
control field 20241126110719.0
008 - FIXED-LENGTH DATA ELEMENTS--GENERAL INFORMATION
fixed length control field 121116s2013 tnu b 001 0 eng d
010 ## -
-- 2012954165
020 ## - INTERNATIONAL STANDARD BOOK NUMBER
International Standard Book Number 9780849948534
020 ## - INTERNATIONAL STANDARD BOOK NUMBER
International Standard Book Number 0849948533
020 ## - INTERNATIONAL STANDARD BOOK NUMBER
Canceled/invalid ISBN 9780785238331 (IE)
020 ## - INTERNATIONAL STANDARD BOOK NUMBER
Canceled/invalid ISBN 0785238336 (IE)
020 ## - INTERNATIONAL STANDARD BOOK NUMBER
Canceled/invalid ISBN 9780849964305
Qualifying information ebook
035 ## - SYSTEM CONTROL NUMBER
System control number (OCoLC)ocn798061569
040 ## - CATALOGING SOURCE
Original cataloging agency BTCTA
Language of cataloging eng
Transcribing agency BTCTA
Description conventions rda
Modifying agency BDX
-- YDXCP
-- OQX
-- CGP
-- BWX
-- ABG
-- DLC
042 ## -
-- lccopycat
050 00 -
-- BT103
-- .B76 2013
082 04 - DEWEY DECIMAL CLASSIFICATION NUMBER
Classification number 212.1
Edition information 23
Item number BRO
100 1# - MAIN ENTRY--PERSONAL NAME
Personal name Broocks, Rice,
Relator term author.
9 (RLIN) 17069
245 10 - TITLE STATEMENT
Title God's not dead :
Remainder of title evidence for God in an age of uncertainty /
Statement of responsibility, etc. Rice Broocks.
246 3# -
-- God is not dead
264 #1 - PRODUCTION, PUBLICATION, DISTRIBUTION, MANUFACTURE, AND COPYRIGHT NOTICE
Place of production, publication, distribution, manufacture Nashville :
Name of producer, publisher, distributor, manufacturer Thomas Nelson,
Date of production, publication, distribution, manufacture, or copyright notice [2013]
300 ## - PHYSICAL DESCRIPTION
Extent xix, 279 pages ;
Dimensions 22 cm
336 ## - CONTENT TYPE
Content type term text
Content type code txt
Source rdacontent
337 ## - MEDIA TYPE
Media type term unmediated
Media type code n
Source rdamedia
338 ## - CARRIER TYPE
Carrier type term volume
Carrier type code nc
Source rdacarrier
504 ## - BIBLIOGRAPHY, ETC. NOTE
Bibliography, etc. note Includes bibliographical references (pages 243-263) and index.
505 0# - FORMATTED CONTENTS NOTE
Formatted contents note Ground Zero of faith -- God's not dead -- Real faith isn't blind -- Good and evil are no illusions -- There was a beginning -- Life is no accident -- Life has meaning and purpose -- Jesus and the Resurrection -- The witness of scripture -- The grace effect -- Living proof -- Seeking God.
520 ## - SUMMARY, ETC.
Summary, etc. Explores "the questions surrounding faith, skepticism, and the meaning of life ... as well as ... evidence for the existence of God and the truths of Christianity"--Dust jacket flap.
650 #0 - SUBJECT ADDED ENTRY--TOPICAL TERM
Topical term or geographic name entry element God
General subdivision Proof.
9 (RLIN) 6063
650 #0 - SUBJECT ADDED ENTRY--TOPICAL TERM
Topical term or geographic name entry element God (Christianity)
9 (RLIN) 2362
650 #0 - SUBJECT ADDED ENTRY--TOPICAL TERM
Topical term or geographic name entry element Apologetics.
9 (RLIN) 85
856 42 - ELECTRONIC LOCATION AND ACCESS
Materials specified Publisher description
Uniform Resource Identifier <a href="http://www.loc.gov/catdir/enhancements/fy1317/2012954165-d.html">http://www.loc.gov/catdir/enhancements/fy1317/2012954165-d.html</a>
906 ## - LOCAL DATA ELEMENT F, LDF (RLIN)
a 7
b cbc
c copycat
d 2
e epcn
f 20
g y-gencatlg
942 ## - ADDED ENTRY ELEMENTS (KOHA)
Source of classification or shelving scheme Dewey Decimal Classification
Koha item type Books
Koha issues (borrowed), all copies 3
Holdings
Withdrawn status Lost status Source of classification or shelving scheme Damaged status Not for loan Home library Current Library Shelving location Date acquired Total checkouts Total renewals Full call number Barcode Date last seen Date last checked out Copy number Price effective from Koha item type
    Dewey Decimal Classification     GRACE BIBLE COLLEGE GRACE BIBLE COLLEGE Philosophy and Religion 2023-07-25 5 1 212.1 BRO 016288 2026-02-06 2026-02-02 c.1 2023-07-25 Books
© Grace Bible College Library 2025